000 00481pab a2200169 454500
008 180718b2002 xxu||||| |||| 00| 0 eng d
100 _aJain, Neelam
245 _aPrivatisation and disinvestment in public sector undertakings in India
260 _c2002
300 _ap.53-65.
362 _aApr-Oct
650 _aPrivatization - India
650 _aPublic sector - India
650 _aPrivatization
773 _aPrestige Journal of Management and Research
909 _a54568
999 _c54568
_d54568